| 000 | 00332nam a2200121Ia 4500 | ||
|---|---|---|---|
| 008 | 210430s9999 xx 000 0 und d | ||
| 082 | _a660.2815 T357 I | ||
| 100 | _aS B Thakore | ||
| 245 |
_aIntroduction to Process Engineering and Design _cS B Thakore |
||
| 260 |
_aIndia _bMcGraw-Hill _c2007 |
||
| 300 | _a748p | ||
| 942 |
_cBK _2ddc |
||
| 999 |
_c564645 _d564645 |
||